Online
Catalog
Normal view MARC view

Entry Nombre de reunión

Number of records used in: 2

001 - NÚMERO DE CONTROL

  • campo de control: 83978

003 - IDENTIFICADOR DEL NÚMERO DE CONTROL

  • campo de control: DO-SdBNP

005 - FECHA Y HORA DE LA ÚLTIMA TRANSACCIÓN

  • campo de control: 20230817104301.0

008 - DATOS DE LONGITUD FIJA

  • campo de control de longitud fija: 230817|| aca||aabn | a|a d

040 ## - FUENTE DE LA CATALOGACIÓN

  • Centro catalogador/agencia de origen: DO-SdBNP
  • Centro/agencia transcriptor: DO-SdBNP

111 ## - ENCABEZAMIENTO--NOMBRE DE CONGRESO/REUNIÓN

  • Nombre de congreso/reunión o jurisdicción como elemento de entrada: Colón Castillo, Juan

670 ## - FUENTE DE DATOS ENCONTRADOS

  • Cita de la fuente: Work cat.: (DO-SdBNP)54419: Salazar, Ada, 75029 autora, Libro de itemes 2do. curso / 2do. ciclo:

Powered by Koha